[Event "Mercredi 2014.10.15 ABCDE"]
[Site "Montreal CAN"]
[Date "2014.10.22"]
[Round "2"]
[White "Lebeau, Gilbert"]
[Black "Jacquet, Stephane"]
[Result "0-1"]
[WhiteElo "1980"]
[BlackElo "2030"]
[PlyCount "40"]
[EventDate "2014.10.15"]
[EventType "tourn"]
[EventRounds "5"]
[EventCountry "CAN"]

1. d4 d5 2. c4 e6 3. Nf3 Nf6 4. e3 Bb4+ 5. Bd2 c5 6. dxc5 Bxc5 7. Nc3 O-O 8.
Bd3 Nc6 9. O-O Qe7 10. a3 a5 11. cxd5 exd5 12. h3 Ne5 13. Nxe5 Qxe5 14. Nb5 Ne4
15. Bxe4 dxe4 16. Bc3 Qg5 17. h4 Qxh4 18. Qd5 Ra6 19. Qe5 Rg6 20. g3 Bxe3 0-1

[Event "Mercredi 2014.10.15 ABCDE"]
[Site "Montreal CAN"]
[Date "2014.10.22"]
[Round "2"]
[White "Millette, Sylvain"]
[Black "Struben, Jeroen"]
[Result "1-0"]
[WhiteElo "1755"]
[BlackElo "1748"]
[PlyCount "93"]
[EventDate "2014.10.15"]
[EventType "tourn"]
[EventRounds "5"]
[EventCountry "CAN"]

1. Nf3 g6 2. g3 Bg7 3. d4 c5 4. Bg2 cxd4 5. Nxd4 Nc6 6. c3 Nxd4 7. cxd4 h5 8.
h4 Nf6 9. Nc3 d5 10. Qa4+ Bd7 11. Qb3 Bc6 12. Bg5 O-O 13. O-O e6 14. Rad1 Qa5
15. Bd2 Qa6 16. f3 Nd7 17. e3 Nb6 18. Qc2 Nc4 19. Bc1 Rac8 20. b3 Na3 21. Qb2
Nb5 22. Nxb5 Bxb5 23. Rf2 Rc7 24. Bf1 Bxf1 25. Rfxf1 Rfc8 26. Qa3 Qxa3 27. Bxa3
Bf8 28. Bxf8 Kxf8 29. Rd2 Ke7 30. Kf2 b6 31. Ke2 a5 32. Rfd1 a4 33. bxa4 Rc4
34. Rb1 R8c6 35. Rbb2 Rxa4 36. Rdc2 Rxc2+ 37. Rxc2 Rc4 38. Rxc4 dxc4 39. Kd2 b5
40. Kc3 Kd6 41. e4 e5 42. d5 f5 43. Kb4 fxe4 44. fxe4 Kc7 45. a4 c3 46. Kxc3
bxa4 47. Kb4 1-0

[Event "Mercredi 2014.10.15 ABCDE"]
[Site "Montreal CAN"]
[Date "2014.10.22"]
[Round "2"]
[White "Morin, Louis"]
[Black "Nunez, Omar"]
[Result "0-1"]
[WhiteElo "1977"]
[BlackElo "1975"]
[PlyCount "66"]
[EventDate "2014.10.15"]
[EventType "tourn"]
[EventRounds "5"]
[EventCountry "CAN"]

1. e4 d5 2. exd5 Qxd5 3. d4 Nc6 4. Nf3 Bg4 5. Be2 O-O-O 6. Nc3 Qa5 7. Be3 Nf6
8. O-O e5 9. Ng5 Bxe2 10. Nxe2 exd4 11. Nxf7 dxe3 12. Nxd8 exf2+ 13. Rxf2 Nxd8
14. Nd4 Bc5 15. c3 Qb6 16. b4 Bxd4 17. Qxd4 Qxd4 18. cxd4 Nc6 19. a3 Ne7 20. g4
h6 21. h4 Ned5 22. g5 hxg5 23. hxg5 Ne4 24. Rf7 g6 25. Rg7 Nxg5 26. Rxg6 Nh3+
27. Kf1 Nhf4 28. Rg1 Rf8 29. Rh1 Ne6+ 30. Ke2 Nxd4+ 31. Kd3 Ne6 32. Raf1 Rd8
33. Kc2 Ne3+ 0-1

[Event "Mercredi 2014.10.15 ABCDE"]
[Site "Montreal CAN"]
[Date "2014.10.22"]
[Round "2"]
[White "Nica, Ion"]
[Black "Gates, Claude-Eric"]
[Result "0-1"]
[WhiteElo "1632"]
[BlackElo "1666"]
[PlyCount "112"]
[EventDate "2014.10.15"]
[EventType "tourn"]
[EventRounds "5"]
[EventCountry "CAN"]

1. b3 e5 2. Bb2 Nc6 3. e3 d5 4. Bb5 Bd6 5. f4 Qh4+ 6. g3 Qe7 7. fxe5 Bxe5 8.
Nc3 Nf6 9. Qf3 O-O 10. Bxc6 bxc6 11. Nge2 Bg4 12. Qg2 d4 13. Ne4 dxe3 14. Nxf6+
Qxf6 15. d4 Qf5 16. dxe5 Qxc2 17. Nf4 e2 18. Rc1 Qxb2 19. Qxc6 Rad8 20. Rc2
Rd1+ 21. Kf2 Qxe5 22. Nxe2 Rd6 23. Qxc7 Rf6+ 24. Ke1 Qe4 25. Rg1 Re8 26. Qc4
Rfe6 27. Qxe4 Rxe4 28. Rg2 g5 29. h4 h6 30. hxg5 hxg5 31. Kf1 R8e6 32. Rf2 Re7
33. Ke1 Re3 34. Kf1 Bh3+ 35. Kg1 Kg7 36. Kh2 Bg4 37. Nc3 R7e6 38. Nd5 Rh6+ 39.
Kg1 Rxg3+ 40. Rg2 Rxg2+ 41. Rxg2 f5 42. Ne3 Rh4 43. Rxg4 fxg4 44. Nf5+ Kf6 45.
Nxh4 gxh4 46. b4 Ke5 47. a4 Kd5 48. Kf2 Kc4 49. b5 Kb4 50. b6 axb6 51. Ke3 Kxa4
52. Kf4 g3 53. Kg4 g2 54. Kh3 g1=Q 55. Kxh4 Kb4 56. Kh5 Kc4 0-1

[Event "Mercredi 2014.10.15 ABCDE"]
[Site "Montreal CAN"]
[Date "2014.10.29"]
[Round "3"]
[White "Brassard, Sylvain"]
[Black "Millette, Sylvain"]
[Result "1-0"]
[WhiteElo "1773"]
[BlackElo "1755"]
[PlyCount "47"]
[EventDate "2014.10.15"]
[EventType "tourn"]
[EventRounds "5"]
[EventCountry "CAN"]

1. d4 Nf6 2. c4 g6 3. Nd2 d5 4. cxd5 Qxd5 5. Ngf3 Bg7 6. e4 Nxe4 7. Bc4 Qa5 8.
b4 Qf5 9. Bd3 Qe6 10. Nxe4 f5 11. Nfg5 Qb6 12. Nc5 Qxb4+ 13. Bd2 Qxd4 14. Rc1
b6 15. Nce6 Bxe6 16. Nxe6 Qe5+ 17. Qe2 c5 18. Nxg7+ Qxg7 19. Bc3 Qh6 20. Bb5+
Nd7 21. Bxd7+ Kxd7 22. Rd1+ Kc7 23. Bxh8 Rxh8 24. Qe5+ 1-0

[Event "Mercredi 2014.10.15 ABCDE"]
[Site "Montreal CAN"]
[Date "2014.10.29"]
[Round "3"]
[White "Cloutier, Mathieu"]
[Black "Boudreau, Daniel"]
[Result "0-1"]
[WhiteElo "2039"]
[BlackElo "2110"]
[PlyCount "56"]
[EventDate "2014.10.15"]
[EventType "tourn"]
[EventRounds "5"]
[EventCountry "CAN"]

1. e4 c5 2. Nf3 e6 3. d4 cxd4 4. Nxd4 a6 5. Nc3 Qc7 6. f4 b5 7. Be2 Bb7 8. Bf3
Bb4 9. Qd3 Nf6 10. O-O d5 11. e5 Nfd7 12. Bd2 Nc6 13. Nxc6 Bxc6 14. Nxd5 Bc5+
15. Ne3 Rd8 16. Qc3 Bxf3 17. Rxf3 Nb6 18. Kh1 b4 19. Qb3 Rxd2 20. f5 Bxe3 21.
fxe6 Bc5 22. exf7+ Kf8 23. Re1 Qxe5 24. Ref1 Qd5 25. Re1 Rd1 26. Rff1 Rxe1 27.
Rxe1 Qxb3 28. axb3 Kxf7 0-1

[Event "Mercredi 2014.10.15 ABCDE"]
[Site "Montreal CAN"]
[Date "2014.10.29"]
[Round "3"]
[White "Dumouchel, Alain"]
[Black "Baran, Marius"]
[Result "1-0"]
[WhiteElo "1896"]
[BlackElo "1817"]
[PlyCount "65"]
[EventDate "2014.10.15"]
[EventType "tourn"]
[EventRounds "5"]
[EventCountry "CAN"]

1. e4 c5 2. Nf3 d6 3. d4 cxd4 4. Nxd4 Nf6 5. Nc3 g6 6. Be3 Bg7 7. f3 O-O 8. Qd2
Nc6 9. Bc4 Bd7 10. O-O-O Rc8 11. Bb3 Na5 12. h4 Nc4 13. Bxc4 Rxc4 14. h5 Nxh5
15. g4 Nf4 16. Qh2 h5 17. Bxf4 e5 18. gxh5 g5 19. h6 Bf6 20. Nde2 exf4 21. Rxd6
Be7 22. Rd5 Qc7 23. Rg1 Kh7 24. Qh5 f6 25. e5 Be6 26. exf6 Bxf6 27. Rdxg5 Bxg5
28. Rxg5 Rg8 29. Ne4 Rxc2+ 30. Kb1 Rxe2 31. Rg7+ Kh8 32. Rxc7 Rg1+ 33. Rc1 1-0

[Event "Mercredi 2014.10.15 ABCDE"]
[Site "Montreal CAN"]
[Date "2014.10.29"]
[Round "3"]
[White "Forget, Luc"]
[Black "Morin, Louis"]
[Result "0-1"]
[WhiteElo "1962"]
[BlackElo "1977"]
[PlyCount "88"]
[EventDate "2014.10.15"]
[EventType "tourn"]
[EventRounds "5"]
[EventCountry "CAN"]

1. c4 d5 2. d4 e6 3. Nc3 c5 4. cxd5 cxd4 5. Qxd4 Nc6 6. Qd1 exd5 7. Qxd5 Be6 8.
Qxd8+ Rxd8 9. Bd2 Nb4 10. Kd1 Nf6 11. Kc1 Bc5 12. a3 Nbd5 13. e3 Nxc3 14. bxc3
Ne4 15. Be1 O-O 16. Nf3 Bb6 17. Nd4 Rc8 18. Kb2 Ba5 19. Rc1 Bc4 20. Nb3 Bxb3
21. Kxb3 Rfd8 22. Be2 Rd6 23. c4 Bxe1 24. Rhxe1 Nxf2 25. c5 Rdc6 26. Bc4 Ne4
27. Bd5 Nxc5+ 28. Ka2 R6c7 29. Red1 Kf8 30. Rd4 Ne6 31. Rxc7 Rxc7 32. Rb4 b6
33. Kb2 Nc5 34. Rd4 Ke7 35. Kb1 f5 36. g4 Kf6 37. h4 fxg4 38. Rxg4 g6 39. Rd4
Rd7 40. Rd1 Ke5 41. Bf3 Rxd1+ 42. Bxd1 Ke4 43. h5 gxh5 44. Bxh5 Kxe3 0-1

[Event "Mercredi 2014.10.15 ABCDE"]
[Site "Montreal CAN"]
[Date "2014.10.29"]
[Round "3"]
[White "Gates, Claude-Eric"]
[Black "Poirier, Vincent"]
[Result "1-0"]
[WhiteElo "1666"]
[BlackElo "1649"]
[PlyCount "59"]
[EventDate "2014.10.15"]
[EventType "tourn"]
[EventRounds "5"]
[EventCountry "CAN"]

1. d4 d5 2. c4 e6 3. Nc3 c6 4. Nf3 dxc4 5. a4 Bb4 6. e3 b5 7. g3 Bb7 8. Bg2 Nf6
9. O-O Bxc3 10. bxc3 Nbd7 11. Ba3 Nb6 12. Ne5 Qc7 13. a5 Nbd5 14. a6 Bc8 15.
Qc2 Bd7 16. e4 Ne7 17. f4 Ng6 18. Nf3 Ne7 19. Ne5 Ng6 20. Qe2 c5 21. Bxc5 Bc6
22. Rae1 Rc8 23. Nxc6 Qxc6 24. e5 Nd5 25. f5 exf5 26. e6 f6 27. Rxf5 Rd8 28.
Qf3 Ne5 29. Rfxe5 fxe5 30. Qf7# 1-0

[Event "Mercredi 2014.10.15 ABCDE"]
[Site "Montreal CAN"]
[Date "2014.10.29"]
[Round "3"]
[White "Gauthier, Luc"]
[Black "Fortin-Lavoie, Patrice"]
[Result "0-1"]
[WhiteElo "1757"]
[BlackElo "1816"]
[PlyCount "188"]
[EventDate "2014.10.15"]
[EventType "tourn"]
[EventRounds "5"]
[EventCountry "CAN"]

1. e4 c5 2. d4 cxd4 3. c3 d3 4. Bxd3 Nc6 5. c4 g6 6. Nc3 Bg7 7. Nge2 Nf6 8. h3
O-O 9. O-O d6 10. Be3 Bd7 11. Rc1 Nh5 12. Qd2 Ne5 13. f4 Nxd3 14. Qxd3 Bc6 15.
f5 e6 16. g4 exf5 17. gxh5 fxe4 18. Qd2 Qh4 19. hxg6 hxg6 20. Kh2 Rae8 21. Qe1
Qh5 22. Bf4 f5 23. Ng3 Qh4 24. Qe3 Bf6 25. Rcd1 g5 26. Nxf5 gxf4 27. Rxf4 Qxf4+
28. Qxf4 Be5 29. Qxe5 Rxe5 30. Nh6+ Kh7 31. Rxd6 Rf2+ 32. Kg1 e3 33. Ng4 Rg2+
34. Kf1 Rf5+ 35. Ke1 Rf3 36. Re6 Rxh3 37. Nxe3 Rh1+ 38. Nf1 Rxb2 39. Re2 Rxe2+
40. Kxe2 Be8 41. Nb5 a6 42. Nd6 Bc6 43. Nf5 Kg6 44. Nd4 Kf6 45. Nb3 Ke6 46.
Nfd2 Rh2+ 47. Kd3 Kd6 48. Kc3 Be8 49. Kb4 Kc6 50. Nd4+ Kc7 51. N4b3 Bf7 52. a4
Rh3 53. a5 Bg6 54. Nc5 Bf5 55. Ndb3 Rh4 56. Nd2 Bh7 57. Na4 Bg8 58. Nb6 Kc6 59.
Nb3 Rh2 60. Nd4+ Kc7 61. Nb3 Rh5 62. Nd4 Kd6 63. Nb3 Bh7 64. Nc8+ Kc7 65. Nb6
Rh4 66. Nd5+ Kd6 67. Nc5 Kc6 68. Ne7+ Kc7 69. Nd5+ Kb8 70. Nd7+ Kc8 71. N5b6+
Kc7 72. Nc5 Bg8 73. Nb3 Kc6 74. Kc3 Rh5 75. Kb4 Rh4 76. Kc3 Rh3+ 77. Kb4 Rd3
78. Nc1 Rd1 79. Nb3 Rb1 80. Kc3 Bh7 81. Nd4+ Kc5 82. Nb3+ Kc6 83. Nd4+ Kc7 84.
Ne6+ Kb8 85. Nc5 Bf5 86. Ncd7+ Bxd7 87. Nxd7+ Kc7 88. Nc5 Kc6 89. Na4 Rh1 90.
Kb4 Rh5 91. Kc3 Rxa5 92. Kb4 Rh5 93. c5 Rh4+ 94. Kb3 Rxa4 0-1

[Event "Mercredi 2014.10.15 ABCDE"]
[Site "Montreal CAN"]
[Date "2014.10.29"]
[Round "3"]
[White "Jacquet, Stephane"]
[Black "Cardin, Guillaume"]
[Result "0-1"]
[WhiteElo "2030"]
[BlackElo "2027"]
[PlyCount "60"]
[EventDate "2014.10.15"]
[EventType "tourn"]
[EventRounds "5"]
[EventCountry "CAN"]

1. d4 f5 2. e4 fxe4 3. Nc3 Nf6 4. Bg5 e6 5. Nxe4 Be7 6. Bxf6 Bxf6 7. Nf3 d5 8.
Nxf6+ Qxf6 9. Bd3 Nc6 10. O-O O-O 11. Qd2 e5 12. dxe5 Nxe5 13. Nxe5 Qxe5 14.
Rae1 Qf6 15. Re3 Bd7 16. Rfe1 Rae8 17. c3 Qg5 18. Kf1 Qf4 19. g3 Bh3+ 20. Kg1
Qf7 21. Qc2 Qf3 22. Bf1 Rxe3 23. Rxe3 Qxe3 24. Bxh3 Qe5 25. Bf1 c5 26. Bd3 g6
27. f4 Qe6 28. Kg2 Kg7 29. h4 Re8 30. h5 c4 0-1

[Event "Mercredi 2014.10.15 ABCDE"]
[Site "Montreal CAN"]
[Date "2014.10.29"]
[Round "3"]
[White "Langlois-Remillard, Alexis"]
[Black "Lalonde, Paul"]
[Result "0-1"]
[WhiteElo "1828"]
[BlackElo "1819"]
[PlyCount "70"]
[EventDate "2014.10.15"]
[EventType "tourn"]
[EventRounds "5"]
[EventCountry "CAN"]

1. g3 e5 2. Bg2 Nf6 3. c4 Bc5 4. Nf3 Nc6 5. Nc3 O-O 6. O-O Re8 7. a3 d5 8. cxd5
Nxd5 9. b4 Bf8 10. Bb2 e4 11. Ne1 Bf5 12. Nc2 Nxc3 13. Bxc3 Qd7 14. Ne3 Bg6 15.
Qc2 Rad8 16. b5 Nd4 17. Bxd4 Qxd4 18. Qxc7 Rd7 19. Qc4 Red8 20. Rfd1 Qe5 21.
Ra2 Rd4 22. Qb3 Bc5 23. Rc2 b6 24. Bf1 h5 25. d3 h4 26. Nc4 Qh5 27. Rcd2 exd3
28. e3 hxg3 29. hxg3 Be4 30. Bg2 Bxg2 31. Kxg2 Qd5+ 32. f3 Qxc4 33. Qb1 R4d6
34. Rc1 Qe6 35. e4 Be3 0-1

[Event "Mercredi 2014.10.15 ABCDE"]
[Site "Montreal CAN"]
[Date "2014.10.29"]
[Round "3"]
[White "Lopez Linares, Lizandro"]
[Black "Lebeau, Gilbert"]
[Result "0-1"]
[WhiteElo "2104"]
[BlackElo "1980"]
[PlyCount "72"]
[EventDate "2014.10.15"]
[EventType "tourn"]
[EventRounds "5"]
[EventCountry "CAN"]

1. d4 d5 2. c4 c6 3. Nf3 Nf6 4. Nc3 dxc4 5. a4 Bf5 6. Ne5 e6 7. a5 Nbd7 8. Nxc4
Bb4 9. Qb3 Qe7 10. Ra4 c5 11. Bf4 O-O 12. Bd6 Qd8 13. Bxf8 Qxf8 14. e3 b5 15.
axb6 axb6 16. Nd2 e5 17. dxe5 Nxe5 18. f3 Rd8 19. e4 Qd6 20. Qc2 Be6 21. Rxb4
cxb4 22. Nb5 b3 23. Qc3 Qd7 24. Be2 Ng6 25. Qe3 Ne5 26. Nc3 Qd6 27. Nb5 Qd7 28.
Qc3 Nd3+ 29. Bxd3 Rc8 30. Ke2 Rxc3 31. Nxc3 Qd4 32. Ra1 g6 33. Nd1 Nd7 34. Nf2
Qxb2 35. Rb1 Qa2 36. Nd1 Nc5 0-1

[Event "Mercredi 2014.10.15 ABCDE"]
[Site "Montreal CAN"]
[Date "2014.10.29"]
[Round "3"]
[White "Nunez, Omar"]
[Black "Gunapalan, David"]
[Result "1-0"]
[WhiteElo "1975"]
[BlackElo "1900"]
[PlyCount "185"]
[EventDate "2014.10.15"]
[EventType "tourn"]
[EventRounds "5"]
[EventCountry "CAN"]

1. Nf3 d5 2. g3 c5 3. Bg2 Nc6 4. O-O e5 5. d3 f6 6. Nbd2 Be6 7. c4 Nge7 8. cxd5
Nxd5 9. Ne4 Qd7 10. Bd2 O-O-O 11. Rc1 b6 12. Qa4 Kb8 13. Rfe1 Be7 14. a3 Na5
15. Qxd7 Rxd7 16. Bxa5 bxa5 17. Nxc5 Bxc5 18. Rxc5 a4 19. Rec1 Rhd8 20. Nd2 Nb6
21. Kf1 Bd5 22. Bxd5 Rxd5 23. Rc7 R8d7 24. Rxd7 Rxd7 25. Ke1 Kb7 26. Nc4 g5 27.
g4 Rd4 28. f3 Ka6 29. Ne3 h5 30. h3 hxg4 31. hxg4 Kb5 32. Kd2 Nd7 33. Nf5 Rd5
34. Rc7 Kb6 35. Rc4 Nc5 36. Rb4+ Kc7 37. Rc4 Kd7 38. Kc3 Ne6 39. Rxa4 a5 40. b4
Nf4 41. Rxa5 Rxa5 42. bxa5 Nxe2+ 43. Kd2 Nf4 44. Ke3 Nd5+ 45. Kd2 Kc6 46. Ne3
Nc7 47. a4 Ne6 48. Nf5 Nc5 49. Ne7+ Kd6 50. Nf5+ Kc6 51. Kc3 Nxa4+ 52. Kb4 Nb2
53. Kc3 Na4+ 54. Kb3 Nc5+ 55. Kc4 Ne6 56. d4 Nf4 57. dxe5 fxe5 58. Ne3 Kb7 59.
Kb5 Ne6 60. a6+ Ka7 61. Nf1 Nc7+ 62. Kc5 Kxa6 63. Kd6 Kb7 64. Kxe5 Kc8 65. Ng3
Kd7 66. Ne4 Ne6 67. Kf6 Nc7 68. Nxg5 Ke8 69. Nh7 Nd5+ 70. Ke6 Nc7+ 71. Kf5 Kf7
72. Ng5+ Kg8 73. Ne6 Nd5 74. Ke5 Ne3 75. g5 Kf7 76. Nd4 Kg6 77. f4 Ng4+ 78. Ke4
Nf2+ 79. Kf3 Nh3 80. Kg4 Nf2+ 81. Kh4 Nd3 82. f5+ Kf7 83. Nf3 Ke7 84. Kh5 Nf4+
85. Kg4 Nd5 86. Ne5 Ne3+ 87. Kf4 Nd5+ 88. Kf3 Kf8 89. f6 Nc7 90. Kg4 Ne6 91. g6
Kg8 92. Nd7 Nd8 93. Kf5 1-0

[Event "Mercredi 2014.10.15 ABCDE"]
[Site "Montreal CAN"]
[Date "2014.10.29"]
[Round "3"]
[White "Pomerantz, Daniel"]
[Black "Destree, Frederic"]
[Result "0-1"]
[WhiteElo "1930"]
[BlackElo "1903"]
[PlyCount "90"]
[EventDate "2014.10.15"]
[EventType "tourn"]
[EventRounds "5"]
[EventCountry "CAN"]

1. e4 c5 2. Nf3 g6 3. d4 cxd4 4. Nxd4 Nc6 5. c4 Nf6 6. Nc3 d6 7. Be2 Nxd4 8.
Qxd4 Bg7 9. Be3 O-O 10. Qd2 a5 11. a4 Be6 12. f3 Rc8 13. b3 Nd7 14. Rc1 Nc5 15.
Bd1 Rc6 16. O-O Na6 17. Nb5 Nb4 18. f4 Bd7 19. Bf3 Rc8 20. Nd4 Bc6 21. Rfd1 Na6
22. Qf2 Qc7 23. Nxc6 bxc6 24. Bb6 Qb7 25. Rb1 Bc3 26. Rd3 Bb4 27. Bd4 Bc5 28.
Qe3 Bxd4 29. Qxd4 Nc5 30. Rdd1 Rb8 31. Qe3 Qb4 32. e5 Rfc8 33. exd6 exd6 34.
Rxd6 Nxa4 35. Rxc6 Re8 36. Qf2 Nc3 37. Ra1 Qxb3 38. h3 a4 39. Rc7 Qb2 40. Qxb2
Rxb2 41. Ra3 Ne2+ 42. Kh2 Nxf4 43. Rxa4 Re3 44. Kg3 g5 45. Raa7 Rxg2# 0-1

[Event "Mercredi 2014.10.15 ABCDE"]
[Site "Montreal CAN"]
[Date "2014.10.29"]
[Round "3"]
[White "Struben, Jeroen"]
[Black "Blanchet, Robert"]
[Result "0-1"]
[WhiteElo "1748"]
[BlackElo "1755"]
[PlyCount "96"]
[EventDate "2014.10.15"]
[EventType "tourn"]
[EventRounds "5"]
[EventCountry "CAN"]

1. d4 g6 2. c4 Nf6 3. Nc3 d5 4. Nf3 Bg7 5. Qb3 dxc4 6. Qxc4 O-O 7. e4 b5 8.
Qxb5 Ba6 9. Qa4 Bxf1 10. Kxf1 Nbd7 11. e5 Nb6 12. exf6 Nxa4 13. fxg7 Kxg7 14.
Nxa4 Qd5 15. b3 Rab8 16. h3 e5 17. Nxe5 f6 18. Nf3 Rfe8 19. Kg1 h5 20. Be3 g5
21. Rc1 Qd6 22. Nd2 Kg6 23. Nc5 Rbc8 24. Nde4 Qd5 25. Nc3 Qd8 26. d5 c6 27. d6
Qxd6 28. Rd1 Qf8 29. N3e4 Rcd8 30. Kh2 Qf7 31. Rhe1 Qc7+ 32. Kg1 Qa5 33. Rxd8
Rxd8 34. Ra1 g4 35. hxg4 hxg4 36. Na4 Qe5 37. Ng3 Rd3 38. Re1 f5 39. Nc5 Rxe3
40. Rxe3 Qxc5 41. Ne2 Kg5 42. Rc3 Qe5 43. Rc2 Qa1+ 44. Kh2 Qd1 45. Rb2 f4 46.
Ng1 f3 47. gxf3 gxf3 48. Nh3+ Kg4 0-1

[Event "Mercredi 2014.10.15 ABCDE"]
[Site "Montreal CAN"]
[Date "2014.11.05"]
[Round "4"]
[White "Baran, Marius"]
[Black "Lalonde, Paul"]
[Result "1-0"]
[WhiteElo "1817"]
[BlackElo "1819"]
[PlyCount "103"]
[EventDate "2014.10.15"]
[EventType "tourn"]
[EventRounds "5"]
[EventCountry "CAN"]

1. e4 c5 2. Nf3 e6 3. d4 cxd4 4. Nxd4 Nf6 5. Nc3 d6 6. Be3 a6 7. Be2 Be7 8. O-O
Qc7 9. f4 Bd7 10. f5 e5 11. Nb3 Bc6 12. Bf3 b5 13. a3 Nbd7 14. g4 Nb6 15. Na5
Nc4 16. Nxc4 bxc4 17. g5 Nd7 18. b4 Qb7 19. Nd5 Bxd5 20. exd5 Bd8 21. Be4 Bb6
22. Qf3 Bxe3+ 23. Qxe3 Qb6 24. Rae1 f6 25. h4 Ke7 26. Kf2 Rhc8 27. c3 a5 28.
Ra1 Qxe3+ 29. Kxe3 Nb6 30. Rg1 Kf7 31. Bf3 Re8 32. Ke4 Na4 33. Rgc1 Reb8 34.
Rab1 axb4 35. axb4 Rb5 36. Ke3 Nb6 37. Ra1 Rxa1 38. Rxa1 Nxd5+ 39. Bxd5+ Rxd5
40. g6+ hxg6 41. Ra7+ Kf8 42. Ke4 Rd3 43. fxg6 d5+ 44. Kf5 Ke8 45. Ke6 Kd8 46.
Rxg7 d4 47. Rd7+ Kc8 48. cxd4 c3 49. Rd5 e4 50. g7 Rg3 51. Kxf6 Rf3+ 52. Kg6
1-0

[Event "Mercredi 2014.10.15 ABCDE"]
[Site "Montreal CAN"]
[Date "2014.11.05"]
[Round "4"]
[White "Boudreau, Daniel"]
[Black "Jacquet, Stephane"]
[Result "1-0"]
[WhiteElo "2110"]
[BlackElo "2030"]
[PlyCount "67"]
[EventDate "2014.10.15"]
[EventType "tourn"]
[EventRounds "5"]
[EventCountry "CAN"]

1. e4 e5 2. Nf3 Nc6 3. Bc4 Bc5 4. c3 Nf6 5. d3 h6 6. b4 Bb6 7. b5 Na5 8. Nxe5
O-O 9. Nd2 Qe7 10. Ng6 Qe8 11. Nxf8 d5 12. Bb3 Kxf8 13. O-O Bg4 14. Qc2 Rd8 15.
Bxd5 c6 16. bxc6 bxc6 17. Bb3 Be2 18. Ba3+ Kg8 19. d4 c5 20. e5 Ng4 21. Rfe1
cxd4 22. cxd4 Bxd4 23. Rxe2 Bxa1 24. e6 Nxb3 25. Nxb3 Bf6 26. h3 Ne5 27. Nc5
fxe6 28. f4 Nc6 29. Rxe6 Ne7 30. Ne4 Bd4+ 31. Kh2 Rd7 32. Qc4 Kh7 33. Rxe7 Rxe7
34. Bxe7 1-0

[Event "Mercredi 2014.10.15 ABCDE"]
[Site "Montreal CAN"]
[Date "2014.11.05"]
[Round "4"]
[White "Brassard, Sylvain"]
[Black "Gauthier, Luc"]
[Result "1-0"]
[WhiteElo "1773"]
[BlackElo "1757"]
[PlyCount "115"]
[EventDate "2014.10.15"]
[EventType "tourn"]
[EventRounds "5"]
[EventCountry "CAN"]

1. d4 f5 2. e4 fxe4 3. f3 e6 4. Be3 d5 5. Nd2 Bd6 6. fxe4 dxe4 7. Nxe4 Qh4+ 8.
Nf2 Nf6 9. Nf3 Qh5 10. Be2 Qa5+ 11. Bd2 Qb6 12. c4 c5 13. Bc3 cxd4 14. Bxd4
Qa5+ 15. Bc3 Bb4 16. Bxb4 Qxb4+ 17. Qd2 Nc6 18. Qxb4 Nxb4 19. O-O O-O 20. a3
Nc2 21. Rac1 Ne3 22. Rfe1 Nf5 23. Rcd1 Bd7 24. b3 Bc6 25. Ne5 Ne4 26. Nxc6 Nxf2
27. Kxf2 bxc6 28. Kg1 Rad8 29. Rxd8 Rxd8 30. Rd1 Nd4 31. Kf2 Rf8+ 32. Ke3 Nxb3
33. Ke4 c5 34. Rd7 Nd4 35. Bg4 Rf2 36. Bh3 g5 37. Ke5 h5 38. Bxe6+ Nxe6 39.
Kxe6 h4 40. Rd5 Rxg2 41. Rxc5 g4 42. Rg5+ Kf8 43. Kd7 g3 44. hxg3 Rxg3 45. Rh5
h3 46. a4 Kg7 47. c5 Kg6 48. Rh4 Kg5 49. Rh8 Rd3+ 50. Kc7 Kg4 51. c6 Kg3 52.
Kb7 Rd4 53. c7 Rc4 54. c8=Q Rxc8 55. Kxc8 Kg2 56. Kb7 h2 57. Kxa7 h1=Q 58. Rxh1
1-0

[Event "Mercredi 2014.10.15 ABCDE"]
[Site "Montreal CAN"]
[Date "2014.11.05"]
[Round "4"]
[White "Fortin-Lavoie, Patrice"]
[Black "Struben, Jeroen"]
[Result "1-0"]
[WhiteElo "1816"]
[BlackElo "1748"]
[PlyCount "135"]
[EventDate "2014.10.15"]
[EventType "tourn"]
[EventRounds "5"]
[EventCountry "CAN"]

1. e4 d6 2. Bc4 Nf6 3. d3 g6 4. Nf3 Bg7 5. O-O O-O 6. Nc3 c5 7. a3 Nc6 8. Ba2
a6 9. Re1 Rb8 10. h3 b5 11. e5 dxe5 12. Nxe5 Nxe5 13. Rxe5 Qd4 14. Rxe7 Bb7 15.
Re1 Rbd8 16. Be3 Qd6 17. Qd2 b4 18. Na4 Qc6 19. f3 Qxa4 20. Bxc5 Rfe8 21. Bb3
Qd7 22. axb4 Nd5 23. c3 Ne7 24. d4 Nf5 25. Ba4 Rxe1+ 26. Qxe1 Bc6 27. Bc2 Re8
28. Qf2 Bh6 29. Bxf5 gxf5 30. Re1 Re6 31. Qg3+ Kh8 32. Qb8+ Qe8 33. Qxe8+ Bxe8
34. Kf2 Bd2 35. Re2 Bf4 36. d5 Bg3+ 37. Kf1 Rxe2 38. Kxe2 Bb5+ 39. Ke3 Kg7 40.
f4 Kf6 41. b3 Be1 42. c4 Bd7 43. Bd6 h5 44. Kd4 Bf2+ 45. Kd3 Be1 46. c5 Bb5+
47. Kd4 Bxb4 48. Be5+ Ke7 49. Bd6+ Kd7 50. Ke5 Bd3 51. c6+ Ke8 52. Bxb4 Be4 53.
c7 Kd7 54. d6 Bxg2 55. h4 Be4 56. Kf6 Bd5 57. Kxf5 Bxb3 58. Kg5 Bd1 59. Kf6 Bb3
60. Ke5 Kc8 61. Kd4 Be6 62. Ke5 Bg4 63. Kf6 Be6 64. f5 Bd7 65. Kg5 Kb7 66. Kxh5
Bxf5 67. Kg5 Bd7 68. h5 1-0

[Event "Mercredi 2014.10.15 ABCDE"]
[Site "Montreal CAN"]
[Date "2014.11.05"]
[Round "4"]
[White "Gunapalan, David"]
[Black "Destree, Frederic"]
[Result "1-0"]
[WhiteElo "1900"]
[BlackElo "1903"]
[PlyCount "59"]
[EventDate "2014.10.15"]
[EventType "tourn"]
[EventRounds "5"]
[EventCountry "CAN"]

1. e4 c5 2. Nc3 g6 3. f4 Bg7 4. Nf3 Nc6 5. Bb5 d6 6. Bxc6+ bxc6 7. O-O Nf6 8.
d3 O-O 9. Qe1 Rb8 10. Qh4 Qb6 11. Kh1 c4 12. d4 Bg4 13. e5 Bxf3 14. Rxf3 Nd5
15. Nxd5 cxd5 16. c3 dxe5 17. fxe5 f6 18. Bh6 Bxh6 19. Qxh6 Qxb2 20. Raf1 Qe2
21. h4 Qe4 22. Re3 Qg4 23. exf6 exf6 24. Re7 Rf7 25. Rxf7 Kxf7 26. Qxh7+ Ke6
27. Re1+ Kf5 28. Qd7+ Kf4 29. Rf1+ Kg3 30. Qd6+ 1-0

[Event "Mercredi 2014.10.15 ABCDE"]
[Site "Montreal CAN"]
[Date "2014.11.05"]
[Round "4"]
[White "Heredia, Jose"]
[Black "Langlois-Remillard, Alexis"]
[Result "1-0"]
[WhiteElo "1897"]
[BlackElo "1828"]
[PlyCount "79"]
[EventDate "2014.10.15"]
[EventType "tourn"]
[EventRounds "5"]
[EventCountry "CAN"]

1. Nf3 g6 2. e4 Bg7 3. d4 d6 4. c4 Nf6 5. Nc3 O-O 6. Bd3 Nc6 7. Be3 Ng4 8. O-O
Nxe3 9. fxe3 e5 10. d5 Nb8 11. b4 c6 12. Qe2 Qb6 13. Rab1 Bh6 14. c5 Qc7 15.
cxd6 Qxd6 16. Nd2 Nd7 17. Nc4 Qe7 18. b5 Nc5 19. bxc6 bxc6 20. dxc6 Nxd3 21.
Qxd3 Ba6 22. Nd5 Qc5 23. Rfc1 Rac8 24. Qa3 Qxa3 25. Nxa3 Bd3 26. Rb3 Bxe4 27.
Ne7+ Kg7 28. Nxc8 Rxc8 29. c7 Bd5 30. Rbc3 Bxa2 31. Nb5 Be6 32. Kf2 a5 33. Ra1
Ra8 34. Rca3 f5 35. Rxa5 Rc8 36. Ra8 f4 37. exf4 Bxf4 38. g3 Bg5 39. Nd6 Rxc7
40. Ne8+ 1-0

[Event "Mercredi 2014.10.15 ABCDE"]
[Site "Montreal CAN"]
[Date "2014.11.05"]
[Round "4"]
[White "Lebeau, Gilbert"]
[Black "Cardin, Guillaume"]
[Result "1/2-1/2"]
[WhiteElo "1980"]
[BlackElo "2027"]
[PlyCount "89"]
[EventDate "2014.10.15"]
[EventType "tourn"]
[EventRounds "5"]
[EventCountry "CAN"]

1. d4 f5 2. Nc3 Nf6 3. Bf4 e6 4. e3 Be7 5. Nf3 O-O 6. h3 d6 7. Bd3 Nc6 8. a3
Qe8 9. g4 Bd8 10. gxf5 e5 11. dxe5 dxe5 12. Bg5 e4 13. Bxf6 Bxf6 14. Nxe4 Bxb2
15. Rb1 Bxf5 16. Neg5 Bc3+ 17. Kf1 Rd8 18. Qe2 Kh8 19. Nh4 Bxd3 20. cxd3 Qd7
21. Rd1 Bf6 22. Qh5 Bxg5 23. Ng6+ Kg8 24. Nxf8 Rxf8 25. Qxg5 Qf7 26. f4 Qb3 27.
Ke2 Qb2+ 28. Rd2 Nd4+ 29. exd4 Re8+ 30. Qe5 Rxe5+ 31. dxe5 Qxa3 32. Rf1 Qc5 33.
d4 Qc4+ 34. Rd3 a5 35. f5 Kf7 36. Kd2 c6 37. f6 gxf6 38. Rxf6+ Ke7 39. Rd6 a4
40. Rg3 Qa2+ 41. Ke3 Qf7 42. Rf6 Qb3+ 43. Kf4 Qb1 44. Rg7+ Ke8 45. Rg8+ 1/2-1/2